Test papers and Solutions on Electrical Engineering / (Record no. 179402)
[ view plain ]
| 000 -LEADER | |
|---|---|
| fixed length control field | 00995 a2200169 4500 |
| 003 - CONTROL NUMBER IDENTIFIER | |
| control field | Nust |
| 005 - DATE AND TIME OF LATEST TRANSACTION | |
| control field | 20221027111033.0 |
| 040 ## - CATALOGING SOURCE | |
| Transcribing agency | Nust |
| 082 ## - DEWEY DECIMAL CLASSIFICATION NUMBER | |
| Classification number | 621.3,WAL |
| 100 ## - MAIN ENTRY--PERSONAL NAME | |
| Personal name | Wall, T.F. |
| 9 (RLIN) | 101169 |
| 245 ## - TITLE STATEMENT | |
| Title | Test papers and Solutions on Electrical Engineering / |
| Statement of responsibility, etc. | T.F. Wall |
| 260 ## - PUBLICATION, DISTRIBUTION, ETC. | |
| Place of publication, distribution, etc. | London |
| Name of publisher, distributor, etc. | George Newnes |
| Date of publication, distribution, etc. | 1947 |
| 300 ## - PHYSICAL DESCRIPTION | |
| Extent | 312:p |
| 505 ## - FORMATTED CONTENTS NOTE | |
| Formatted contents note | Fundamentals Units (Page-1), Structure of Atom (Page-7), Coulombs Law (Page-29), Capacitance (Page-39), Current Distributors and networks (Page-63), Thermo Electricity (Page-78), Magnetism (Page-91), Electromagnetism (Page-114), Alternating Currents (Page-129), Oscillating Systems (Page-148), Single Phase and Three Phase Alternating current systems (Page-176), Some graphical Methods (Page-190), Non sinusoidal Wave from (Page-213), The Penetration of alternating magnetic (Page-229), Propagation of electric energy (Page-249), The Propagation of electromagnetic waves (Page-289). |
| 650 ## - SUBJECT ADDED ENTRY--TOPICAL TERM | |
| Topical term or geographic name entry element | Electrical Engineering |
| 942 ## - ADDED ENTRY ELEMENTS (KOHA) | |
| Source of classification or shelving scheme | |
| Koha item type | Book |
| Withdrawn status | Lost status | Source of classification or shelving scheme | Damaged status | Not for loan | Permanent Location | Current Location | Shelving location | Date acquired | Full call number | Barcode | Date last seen | Price effective from | Koha item type | Public note |
|---|---|---|---|---|---|---|---|---|---|---|---|---|---|---|
| Military College of Signals (MCS) | Military College of Signals (MCS) | General Stacks | 12/12/2016 | 621.3,WAL | MCS5437 | 12/08/2016 | 12/12/2016 | Book | Almirah No.28, Shelf No.4 | |||||
| Military College of Signals (MCS) | Military College of Signals (MCS) | General Stacks | 12/12/2016 | 621.3,WAL | MCS5438 | 12/08/2016 | 12/12/2016 | Book | Almirah No.28, Shelf No.4 | |||||
| Military College of Signals (MCS) | Military College of Signals (MCS) | General Stacks | 12/12/2016 | 621.3,WAL | MCS5439 | 12/08/2016 | 12/12/2016 | Book | Almirah No.28, Shelf No.4 |
